000 00281 a2200145 4500
001 168131
020 _a
040 _cMagnum
100 _aLewin, Roger
240 1 0 _aEvolucao humana
_lpor
245 1 0 _aEvolucao humana
362 0 _a1899
697 _aEVOLUCOES
942 _cBK
999 _c168131
_d168131